Territorial Analysis of Unemployment With Regard to School Closures Due COVID-19 Pandemic in Slovak Republic

Forma vzdelávania v roku 2020 počas pandémie ochorenia COVID-19 a zatváranie škôl. Miera nezamestnanosti na Slovensku v rokoch 2012-2020 podľa regiónov. Vzťah medzi mierou nezamestnanosti v regiónoch Slovenska a pomerom študentov nezúčastnených na procese online vzdelávania. Vzťah nedostupnosti vzde...

ver descrição completa

Na minha lista:
Detalhes bibliográficos
Autor principal: Mihalech, Patrik, 1994-
Formato: Capítulo de Livro
Idioma:inglês
Assuntos:
Tags: Adicionar Tag
Sem tags, seja o primeiro a adicionar uma tag!

MARC

LEADER 00000naa$a2200000$$$4500
001 0278881
005 20240502083846.2
041 0 |a eng 
044 |a CZ 
245 1 0 |a Territorial Analysis of Unemployment With Regard to School Closures Due COVID-19 Pandemic in Slovak Republic  |c Patrik Mihalech 
520 |a Forma vzdelávania v roku 2020 počas pandémie ochorenia COVID-19 a zatváranie škôl. Miera nezamestnanosti na Slovensku v rokoch 2012-2020 podľa regiónov. Vzťah medzi mierou nezamestnanosti v regiónoch Slovenska a pomerom študentov nezúčastnených na procese online vzdelávania. Vzťah nedostupnosti vzdelávania výlučne k nezamestnanosti mladých ľudí do 25 rokov. 
610 2 0 |a koronavírus 
610 2 0 |a miera nezamestnanosti 
610 2 0 |a nezamestnanosť 
610 2 0 |a vzdelávanie elektronické 
610 2 0 |a okresy 
610 2 0 |a mládež 
610 2 0 |a študenti 
610 2 0 |a Slovensko 
100 1 |a Mihalech, Patrik, 1994-